000
00276nam a22000977a 4500
005
20250901165325.0
008
210310b ||||| |||| 00| 0 eng d
050
_a
Z253.53
245
_a
Desktop publishing
_c
LUGMAIR, CHRISTOPHER
942
_2
lcc
_h
Z253.53 .L84 2003
999
_c
2159
_d
2159